"Проблематизация" как основа функционирования знания и современная эпистемология; Известия Томского политехнического университета [Известия ТПУ]; Т. 307, № 1
| Parent link: | Известия Томского политехнического университета [Известия ТПУ]/ Томский политехнический университет (ТПУ).— , 2000- Т. 307, № 1.— 2004.— [С. 164-169] |
|---|---|
| Egile nagusia: | |
| Gaia: | Заглавие с титульного листа Электронная версия печатной публикации Рассматривается современное понимание статуса знания и роль проблематизации в его существовании. Делается вывод, что "проблематизация" - это постоянное состояние знания, поэтому определяющее плюрализм познавательных практик. |
| Hizkuntza: | errusiera |
| Argitaratua: |
2004
|
| Saila: | Социально-экономические и гуманитарные науки |
| Gaiak: | |
| Sarrera elektronikoa: | http://www.lib.tpu.ru/fulltext/v/Bulletin_TPU/2004/v307/i1/34.pdf |
| Formatua: | Baliabide elektronikoa Liburu kapitulua |
| KOHA link: | https://koha.lib.tpu.ru/cgi-bin/koha/opac-detail.pl?biblionumber=168687 |
MARC
| LEADER | 00000nla2a2200000 4500 | ||
|---|---|---|---|
| 001 | 168687 | ||
| 005 | 20231225115354.0 | ||
| 035 | |a (RuTPU)RU\TPU\book\183005 | ||
| 035 | |a RU\TPU\book\183004 | ||
| 090 | |a 168687 | ||
| 100 | |a 20091030d2004 k y0rusy50 ca | ||
| 101 | 0 | |a rus | |
| 102 | |a RU | ||
| 135 | |a drnn ---uucaa | ||
| 181 | 0 | |a i | |
| 182 | 0 | |a b | |
| 200 | 1 | |a "Проблематизация" как основа функционирования знания и современная эпистемология |f И. Б. Ардашкин | |
| 203 | |a Текст |c электронный | ||
| 215 | |a 1 файл (689 Кб) | ||
| 225 | 1 | |a Социально-экономические и гуманитарные науки | |
| 300 | |a Заглавие с титульного листа | ||
| 300 | |a Электронная версия печатной публикации | ||
| 320 | |a [Библиогр.: с. 169 (7 назв.)] | ||
| 330 | |a Рассматривается современное понимание статуса знания и роль проблематизации в его существовании. Делается вывод, что "проблематизация" - это постоянное состояние знания, поэтому определяющее плюрализм познавательных практик. | ||
| 337 | |a Adobe Reader | ||
| 461 | 1 | |0 (RuTPU)RU\TPU\book\176237 |t Известия Томского политехнического университета [Известия ТПУ] |f Томский политехнический университет (ТПУ) |d 2000- | |
| 463 | 1 | |0 (RuTPU)RU\TPU\book\182748 |t Т. 307, № 1 |v [С. 164-169] |d 2004 |p 203 с. | |
| 610 | 1 | |a проблематизация | |
| 610 | 1 | |a функционирование | |
| 610 | 1 | |a знания | |
| 610 | 1 | |a эпистемология | |
| 610 | 1 | |a плюрализм | |
| 610 | 1 | |a познавательные практики | |
| 610 | 1 | |a труды учёных ТПУ | |
| 610 | 1 | |a электронный ресурс | |
| 700 | 1 | |a Ардашкин |b И. Б. |c философ |c профессор Томского политехнического университета, доктор философских наук |f 1972- |g Игорь Борисович |3 (RuTPU)RU\TPU\pers\25417 |9 11359 | |
| 801 | 1 | |a RU |b 63413507 |c 20090623 |g PSBO | |
| 801 | 2 | |a RU |b 63413507 |c 20210601 |g PSBO | |
| 856 | 4 | |u http://www.lib.tpu.ru/fulltext/v/Bulletin_TPU/2004/v307/i1/34.pdf | |
| 942 | |c CF | ||